Przystanki Linia 61 Szczecin - Statystyki

Ogólne statystyki
  • Ten quiz został rozwiązany 27 razy
  • Średni wynik to 17 z 26
Statystyki odpowiedzi
Numer Przystanek % Poprawnych
26 Podjuchy
100%
1 Dworzec Główny (Owocowa)
90%
11 Mieszka I
85%
7 Plac Kościuszki
85%
6 Krzywoustego
80%
8 Narutowicza
80%
12 Białowieska
75%
4 Brama Portowa
75%
5 Plac Zwycięstwa
75%
9 Szwoleżerów
75%
3 Wyszyńskiego
75%
10 Plac Szyrockiego
70%
14 Reda
70%
13 Wierzbowa
70%
15 Cukrowa Uniwersytet
65%
21 Dziewoklicz
60%
25 Granitowa
60%
23 Krygiera
60%
2 Dworcowa
55%
17 Południowa
55%
24 Most Gryfitów
50%
19 Ustowska
50%
18 Ogrody "Górki Ustowskie"
40%
22 Kanał Leśny
40%
16 Radomska
40%
20 Potoczna
25%
Nie znaleziono quizów pasujących do podanych kryteriów
Rozkład punktacji
Procent ludzi z każdym wynikiem
Percentyl według liczby udzielonych odpowiedzi
Twoja historia wyników
Nie rozwiązałeś tego quizu